Score Finales Coupe du mondes Football - Statistiques

Statistiques générales
  • Ce quiz a été pris 274 fois
  • Le résultat moyen est 20 sur 22
Statistiques - réponses
Édition Équipe 1 Score Équipe 2 % Correct
2014 Allemagne 1-0 Argentine
99%
1990 Allemagne 1-0 Argentine
99%
2018 France 4-2 Croatie
98%
1966 Angleterre 4-2 Allemagne
98%
1938 Italie 4-2 Hongrie
98%
1930 Uruguay 4-2 Argentine
98%
2022 Argentine 3-3 France
97%
1974 Allemagne 2-1 Pays-Bas
94%
1934 Italie 2-1 Tchécoslovaquie
94%
2010 Pays-Bas 0-1 Espagne
92%
1998 Brésil 0-3 France
89%
2002 Allemagne 0-2 Brésil
86%
1982 Italie 3-1 Allemagne
86%
1978 Argentine 3-1 Pays-Bas
86%
1962 Brésil 3-1 Tchécoslovaquie
86%
1950 Brésil 1-2 Uruguay
84%
2006 Italie 0-0 France
83%
1994 Brésil 0-0 Italie
83%
1970 Brésil 4-1 Italie
80%
1986 Argentine 3-2 Allemagne
79%
1954 Allemagne 3-2 Hongrie
79%
1958 Brésil 5-2 Suède
68%
Aucun quiz correspondant
Distribution des résultats
% des personnes avec chaque résultat
Percentile par nombre de réponses
Votre historique - résultats
Vous n’avez pas pris ce quiz